Statistics for Capital Cities Beginning With H Sprint

Click here to take the quiz!

General Stats

  • This quiz has been taken 26 times
  • The average score is 3 of 5

Answer Stats

Answer% Correct
Hanoi
74%
Helsinki
61%
Harare
57%
Havana
57%
Honiara
43%

Score Distribution

Percentile by Number Answered

Percent of People with Each Score

Your Score History

You have not taken this quiz